|
|
|
|
| LEADER |
01121nam a2200289 a 4500 |
| 001 |
37450 |
| 003 |
BD-DhAAL |
| 005 |
20220113154142.0 |
| 008 |
310121t1995 njua b 001 0 eng d |
| 999 |
|
|
|c 43211
|d 43211
|
| 010 |
|
|
|a 94042500
|
| 020 |
|
|
|a 9780691058979
|
| 020 |
|
|
|a 069104290X (acidfree paper)
|
| 040 |
|
|
|a DLC
|c DLC
|d DLC
|d BD-DhAAL
|
| 050 |
0 |
0 |
|a HB131
|b .H355 1995
|
| 082 |
0 |
0 |
|a 330.072
|2 23
|
| 245 |
0 |
4 |
|a The handbook of experimental economics /
|c John H. Kagel and Alvin E. Roth, editors.
|
| 260 |
|
|
|a Princeton, N.J. :
|b Princeton University Press,
|c c1995.
|
| 300 |
|
|
|a xvi, 721 pages :
|b illustrations ;
|c 24 cm.
|
| 504 |
|
|
|a Includes bibliographical references (pages 683-703) and indexes.
|
| 526 |
|
|
|a BIGD
|
| 541 |
|
|
|a Amazon
|e 37450
|
| 650 |
|
0 |
|a Experimental economics.
|9 40827
|
| 700 |
1 |
|
|a Kagel, John H.
|q (John Henry),
|d 1942-
|9 40828
|
| 700 |
1 |
|
|a Roth, Alvin E.,
|d 1951-
|9 40829
|
| 942 |
|
|
|2 ddc
|c BK
|
| 952 |
|
|
|0 0
|1 0
|2 ddc
|4 0
|6 330_072000000000000_HAN
|7 0
|9 69236
|a IGS
|b IGS
|c GEN
|d 2021-01-30
|e Amazon
|g 8825.00
|l 0
|o 330.072 HAN
|p 3010037450
|r 2021-01-30
|t 1
|v 8825.00
|w 2021-01-30
|y BK
|x Received During Pandemic
|